000
00185 a2200097 4500
020
_a
9780545760898
041
_a
spa
100
_a
Grace Norwich
245
_a
Soy Cleopatra
942
_c
BK
999
_c
14899
_d
14899